Normal view
MARC view
- الصحافة العلاقات الدولية - السلام - الأردن
Entry Topical Term
001 - CONTROL NUMBER
- control field: 52968
003 - CONTROL NUMBER IDENTIFIER
- control field: JO-AjAnu
005 - DATE AND TIME OF LATEST TRANSACTION
- control field: 20230606082713.0
008 - FIXED-LENGTH DATA ELEMENTS
- fixed length control field: 230606|| aca||aabn | a|a d
040 ## - CATALOGING SOURCE
- Original cataloging agency: JO-AjAnu
- Transcribing agency: JO-AjAnu
150 ## - HEADING--TOPICAL TERM
- Topical term or geographic name entry element: الصحافة العلاقات الدولية - السلام - الأردن
670 ## - SOURCE DATA FOUND
- Source citation: Work cat.: (JO-AjAnu)27062: القضاة،علي منعم, author 52967, الصحافة الأردنية وإتفاقيات السلام